Rozpočtovanie a ceny v IVTR

Enregistré dans:
Détails bibliographiques
Auteur principal: Plichta, Juraj
Collectivité auteur: Vysoká škola ekonomická v Bratislave. Národohospodárska fakulta
Format: Livre
Langue:slovaque
Publié: Bratislava VŠE 1990
Édition:2. dopln. vyd.
Tags: Ajouter un tag
Pas de tags, Soyez le premier à ajouter un tag!

MARC

LEADER 00000nam a2200000 4500
001 c036961
005 20221215071431.6
041 0 |a slo 
044 |a SK 
245 1 0 |a Rozpočtovanie a ceny v IVTR  |c Juraj Plichta 
250 |a 2. dopln. vyd. 
264 1 |a Bratislava  |b VŠE  |c 1990 
300 |a 138 s. 
100 1 |a Plichta, Juraj 
710 2 |a Vysoká škola ekonomická v Bratislave. Národohospodárska fakulta